00659 2200229 4500001002100000005001700021008004100038020001800079035002400097043001300121082001100134090002300145100001800168245008700186250001000273260003700283300003900320504001800359650001800377700001300395990002100408YOGYA-0611000000066720110616125138.0 ind  a979-006-298-2 0010-061100000000667 aYOPD DIY a631.86 a631.86bPar MlSEL bPARNATA, Ayub aMeningkatkan hasil panen dengan pupuk organikcAyub S Pranata; penyunting, Tethy Y aCet.1 aJakartabArgomedia Pustakac2010 aVI, 145 hlmbilusc23 cm [ 2 eks ] ahlm 140 - 143 aPupuk organik aTethy, Y a599-600-sel/B.11